Sto rokov od narodenia profesora Rudolfa Brišku

Stručný pohľad na životopis osobnosti slovenského národohospodára Rudolfa Brišku a jeho prínos v oblasti meny, bankovníctva a financií.

Gespeichert in:
Bibliographische Detailangaben
1. Verfasser: Figura, Ivan
Format: Buchkapitel
Sprache:Slowakisch
Schlagworte:
Tags: Tag hinzufügen
Keine Tags, Fügen Sie das erste Tag hinzu!

MARC

LEADER 00000naa$a2200000$$$4500
001 0074316
005 20231116084650.4
041 0 |a slo 
044 |a SK 
245 1 0 |a Sto rokov od narodenia profesora Rudolfa Brišku  |c Ivan Figura 
520 |a Stručný pohľad na životopis osobnosti slovenského národohospodára Rudolfa Brišku a jeho prínos v oblasti meny, bankovníctva a financií. 
610 2 0 |a bankovníctvo 
610 2 0 |a mena 
610 2 0 |a Briška, R. 
610 2 0 |a životopisy 
610 2 0 |a osobnosť 
100 1 |a Figura, Ivan